Financial markets, credit constraints, and investment in rural Romania (Record no. 284980)

000 -LEADER
fixed length control field 00621cam a22001577a 4500
008 - FIXED-LENGTH DATA ELEMENTS--GENERAL INFORMATION
fixed length control field 180718b2001 xxu||||| |||| 00| 0 eng d
082 ## - DEWEY DECIMAL CLASSIFICATION NUMBER
Classification number T4x49 C398
245 ## - TITLE STATEMENT
Title Financial markets, credit constraints, and investment in rural Romania
Statement of responsibility, etc. by Rodrigo A. Chaves et.al.
260 ## - PUBLICATION, DISTRIBUTION, ETC.
Place of publication, distribution, etc. Washington, D.C.
Name of publisher, distributor, etc. World Bank
Date of publication, distribution, etc. 2001
300 ## - PHYSICAL DESCRIPTION
Extent 98p.
440 ## - SERIES STATEMENT/ADDED ENTRY--TITLE
Title World Bank technical paper no. 499. Europe and Central Asia environmentally and socially sustainable development series
650 ## - SUBJECT ADDED ENTRY--TOPICAL TERM
Topical term or geographic name entry element Investments - Romania
650 ## - SUBJECT ADDED ENTRY--TOPICAL TERM
Topical term or geographic name entry element Financial institutions - Romania
650 ## - SUBJECT ADDED ENTRY--TOPICAL TERM
Topical term or geographic name entry element Rural credit - Romania
700 ## - ADDED ENTRY--PERSONAL NAME
Personal name Chaves, Rodrigo A.
Holdings
Withdrawn status Lost status Damaged status Not for loan Permanent Location Current Location Date acquired Full call number Barcode Date last seen Price effective from Koha item type
        Indian Institute of Public Administration Indian Institute of Public Administration 2001-06-13 T4x49 C398 WB8746 2018-07-20 2018-07-20 WB

Powered by Koha